[Event "Open A plancoet 2013"]
[Site "?"]
[Date "2013.08.01"]
[Round "7"]
[White "Das, Arghyadip"]
[Black "Purenne, benoit"]
[Result "1-0"]
[WhiteElo "2493"]
[BlackElo "2223"]
[Annotator "Pierre-Jean Allory"]
[PlyCount "53"]

1. e4 c5 2. Nf3 g6 3. d4 cxd4 4. Nxd4 Nc6 5. Nc3 Bg7 6. Be3 Nf6 7. Bc4 O-O 8.
Bb3 a5 9. O-O a4 10. Nxa4 Nxe4 11. Nb5 d5 12. c3 e5 13. Bb6 Qg5 14. Qxd5 Bf5
15. Rfe1 Nf6 16. Qf3 Bg4 17. Qe3 Qh5 18. h3 Bf5 19. Nd6 Bh6 20. Qe2 Qh4 21. Nc5
Bf4 22. Nce4 Nxe4 23. Nxe4 Bxh3 24. gxh3 Qxh3 25. f3 Kh8 26. Qg2 Qh6 27. Bc5
1-0

[Event "Open A Plancoet2013"]
[Site "?"]
[Date "2013.08.01"]
[Round "6"]
[White "Bryzgalin, K."]
[Black "Konguvel, P."]
[Result "1/2-1/2"]
[WhiteElo "2470"]
[BlackElo "2319"]
[Annotator "Lemasle"]
[PlyCount "81"]
[SourceDate "2013.08.01"]

1. d4 Nf6 2. Nf3 g6 3. Nbd2 Bg7 4. e4 d6 5. Bd3 O-O 6. O-O c5 7. c3 cxd4 8.
cxd4 Nc6 9. d5 Nb4 10. Bc4 a5 11. Re1 Bd7 12. a3 Na6 13. h3 Nc5 14. e5 dxe5 15.
Nxe5 Ba4 16. Qf3 Qd6 17. Nf1 Nfd7 18. Nxd7 Nxd7 19. Bf4 Qf6 20. b3 b5 21. Be2
Bxb3 22. Bxb5 Nb6 23. Qxb3 Qxf4 24. Rad1 a4 25. Qa2 Nc8 26. Qc2 Nd6 27. Bc6 Ra7
28. Qc5 Nc8 29. Rd3 Qc7 30. Rb1 Nd6 31. Qb4 Qc8 32. Ne3 Qa6 33. Rdd1 Rd8 34. g3
h5 35. h4 Bh6 36. Qd4 Bg7 37. Qd3 Qxd3 38. Rxd3 Ne4 39. Rb4 Nc5 40. Rd1 Be5 41.
Kf1 1/2-1/2

[Event "Open B Plancoet 2013"]
[Site "?"]
[Date "2013.08.01"]
[Round "6"]
[White "Manea, A."]
[Black "Bitan, B."]
[Result "1-0"]
[WhiteElo "2389"]
[BlackElo "2295"]
[Annotator "Lemasle"]
[PlyCount "129"]

1. c4 g6 2. Nc3 Bg7 3. d4 Nf6 4. e4 d6 5. Nf3 O-O 6. Be2 e5 7. O-O Nc6 8. d5
Ne7 9. Nd2 Ne8 10. b4 f5 11. a4 Nf6 12. c5 Kh8 13. Ba3 Bh6 14. b5 Bxd2 15. Qxd2
fxe4 16. Bd1 b6 17. cxd6 cxd6 18. Bc2 Bf5 19. Rfe1 Rc8 20. Nxe4 Rxc2 21. Qxc2
Nxe4 22. Rxe4 Bxe4 23. Qxe4 Rf4 24. Qc2 Rd4 25. g3 Rxd5 26. Rc1 Qf8 27. Qc7 Rd2
28. Rf1 Nf5 29. Bc1 Ra2 30. Qxa7 Nd4 31. Be3 Nxb5 32. Qxb6 Nc3 33. Qc6 Rc2 34.
Kg2 Qf5 35. Qe8+ Kg7 36. Qe7+ Kg8 37. Bh6 Qe4+ 38. Kh3 Qf5+ 39. Kg2 Qe4+ 40.
Kh3 Qf5+ 41. g4 Qd3+ 42. Kh4 g5+ 43. Bxg5 Qg6 44. a5 h6 45. Qd8+ Kg7 46. Qd7+
Kg8 47. Be7 Qf7 48. Qd8+ Kh7 49. Qf8 Qxf8 50. Bxf8 Ne4 51. h3 Rc8 52. Be7 Re8
53. Re1 Rxe7 54. Rxe4 Ra7 55. Ra4 Ra6 56. Kg3 Kg6 57. f4 Kf6 58. Kf3 d5 59. h4
Ke6 60. Ra1 Kf6 61. Ke3 Ke6 62. fxe5 Kxe5 63. Kd3 Kf4 64. Ra4+ Kg3 65. Kd4 1-0

[Event "Open A Plancoet 2013"]
[Site "?"]
[Date "2013.08.01"]
[Round "6"]
[White "Daurelle, H."]
[Black "Bergez, L."]
[Result "0-1"]
[WhiteElo "2213"]
[BlackElo "2395"]
[Annotator "lemasle"]
[PlyCount "70"]

1. e4 c6 2. d4 d5 3. e5 Bf5 4. h4 h6 5. g4 Bd7 6. Nc3 e6 7. Be3 h5 8. g5 g6 9.
Nge2 c5 10. dxc5 Na6 11. Bg2 Qc7 12. O-O Bxc5 13. Bxc5 Nxc5 14. f4 Ne7 15. Nd4
Qb6 16. b3 Rc8 17. Nce2 Ne4 18. Kh2 Bb5 19. c4 Bc6 20. Bxe4 dxe4 21. Qd2 Nf5
22. Nxf5 exf5 23. Nd4 O-O 24. Qe3 Rfd8 25. Rad1 Rd7 26. Rf2 Rcd8 27. Rfd2 Qc5
28. a4 a6 29. Kg3 b5 30. cxb5 axb5 31. Rc2 Qxc2 32. Nxc2 Rxd1 33. Qb6 R8d3+ 34.
Ne3 Rxe3+ 35. Kf2 Rc3 0-1

[Event "Open A Plancoet 2013"]
[Site "?"]
[Date "2013.08.01"]
[Round "6"]
[White "Milchev, N."]
[Black "Dionisi, T."]
[Result "1-0"]
[WhiteElo "2428"]
[BlackElo "2301"]
[Annotator "Lemasle"]
[PlyCount "85"]

1. Nf3 f5 2. g3 Nf6 3. Bg2 g6 4. d4 Bg7 5. c4 O-O 6. b4 d6 7. Bb2 Qe8 8. Nbd2
Nbd7 9. O-O e5 10. dxe5 dxe5 11. Qb3 c5 12. e4 f4 13. gxf4 Nh5 14. fxe5 Nf4 15.
Rae1 Nxe5 16. Nxe5 Bxe5 17. Bxe5 Qxe5 18. Qe3 cxb4 19. Kh1 Be6 20. Rg1 Rad8 21.
Nf3 Qh5 22. Bf1 Bg4 23. Ne5 Bh3 24. Bxh3 Nxh3 25. Ng4 Nxg1 26. Rxg1 Qh4 27. e5
Rde8 28. Rg3 Qe7 29. Qxa7 h5 30. Nf6+ Rxf6 31. exf6 Qxf6 32. Qxb7 h4 33. Qd5+
Kh8 34. Rf3 Qa1+ 35. Kg2 Qg7 36. Rf7 Qh6 37. h3 g5 38. Rf5 Rg8 39. c5 Qg6 40.
c6 Rc8 41. c7 Qg7 42. Rf7 Qg6 43. Qd8+ 1-0

[Event "Open A Plancoet2013"]
[Site "?"]
[Date "2013.08.01"]
[Round "7"]
[White "Epishin, V."]
[Black "Petre, Nad"]
[Result "1-0"]
[WhiteElo "2598"]
[BlackElo "2371"]
[Annotator "Lemasle"]
[PlyCount "79"]
[SourceDate "2013.08.02"]

1. d4 Nf6 2. c4 d6 3. Nc3 Nbd7 4. Nf3 e5 5. Bg5 Be7 6. Qc2 O-O 7. Rd1 exd4 8.
Nxd4 Re8 9. e3 h6 10. Bh4 Nc5 11. Be2 c6 12. Bg3 Bf8 13. Bf3 g6 14. O-O Bg4 15.
Bxg4 Nxg4 16. b4 Nd7 17. Nb3 Ndf6 18. Rd4 Ne5 19. Rfd1 Qc8 20. h3 c5 21. bxc5
dxc5 22. Nd5 Bg7 23. Nxf6+ Bxf6 24. Rd5 b6 25. Nd2 Re6 26. Ne4 Bg7 27. Nd6 Qf8
28. Nb5 Re7 29. Bh4 f6 30. f4 g5 31. fxe5 gxh4 32. Rf1 f5 33. Rxf5 Rf7 34. Nd6
Rxf5 35. Nxf5 Re8 36. Qe4 Re6 37. Qg4 Kh7 38. Nxg7 Rg6 39. Ne6 Qe8 40. Rd7+ 1-0

[Event "Open A Plancoet 2013"]
[Site "?"]
[Date "2013.08.01"]
[Round "7"]
[White "Bailet, P."]
[Black "Tugui, A."]
[Result "0-1"]
[WhiteElo "2474"]
[BlackElo "2387"]
[Annotator "Lemasle"]
[PlyCount "72"]
[EventDate "2013.??.??"]

1. e4 c5 2. Nf3 d6 3. d4 cxd4 4. Nxd4 Nf6 5. Nc3 a6 6. Bg5 e6 7. f4 Nbd7 8. Qf3
Qc7 9. O-O-O b5 10. Bd3 Bb7 11. Rhe1 O-O-O 12. Kb1 Kb8 13. f5 b4 14. Nce2 e5
15. Nb3 a5 16. Ng3 a4 17. Nd2 Nb6 18. Nh5 Be7 19. Nxf6 gxf6 20. Be3 d5 21. Bxb6
Qxb6 22. exd5 Bc5 23. Be4 Bd4 24. d6 Ba6 25. d7 Rxd7 26. Bc6 Ra7 27. Bxa4 Bb7
28. Qb3 Qa5 29. Bd7 Bd5 30. c4 Bxg2 31. Re2 Rg8 32. Bb5 Bh3 33. a4 bxa3 34. c5
Bxf5+ 35. Bd3+ Rb7 36. Nc4 Rxb3 0-1

[Event "Open A Plancoet 2013"]
[Site "?"]
[Date "2013.08.01"]
[Round "7"]
[White "Tirard, H."]
[Black "De Wit, T."]
[Result "1/2-1/2"]
[WhiteElo "2421"]
[BlackElo "2293"]
[Annotator "Lemasle"]
[PlyCount "105"]

1. e4 d6 2. Nc3 g6 3. d4 Nf6 4. f4 Bg7 5. Bd3 O-O 6. f5 c5 7. fxg6 hxg6 8. dxc5
Qa5 9. cxd6 Nxe4 10. Bxe4 Bxc3+ 11. Kf2 Bf6 12. Qd5 Qxd5 13. Bxd5 exd6 14. Nf3
Na6 15. Rd1 Nc5 16. Bg5 Bxb2 17. Rab1 Bg7 18. Be7 Re8 19. Bxd6 Ne4+ 20. Bxe4
Rxe4 21. Bc5 Re8 22. Bd4 b6 23. Bxg7 Kxg7 24. Rd6 Be6 25. a4 Red8 26. Rxd8 Rxd8
27. Ke3 Bd5 28. Rb4 Re8+ 29. Kd3 Rh8 30. h4 Rh5 31. Rf4 Bxf3 32. gxf3 Ra5 33.
Kc3 f5 34. Kb4 Kh6 35. Rd4 Kh5 36. Rd6 Re5 37. c4 a5+ 38. Kc3 Re3+ 39. Kd4 Rxf3
40. Rxb6 Ra3 41. c5 Rxa4+ 42. Kd5 Ra1 43. c6 Rd1+ 44. Ke5 Rc1 45. Kd6 f4 46. c7
f3 47. Kd7 Rd1+ 48. Ke7 Rc1 49. Kd7 Kxh4 50. Rf6 Kg3 51. Rxg6+ Kh2 52. Rh6+ Kg1
53. Rg6+ 1/2-1/2

[Event "Open A Plancoët 2013"]
[Site "?"]
[Date "2013.08.03"]
[Round "9"]
[White "Dgebuadze, Alexandre"]
[Black "De Wit, Tex"]
[Result "1-0"]
[WhiteElo "2520"]
[BlackElo "2293"]
[Annotator "Sébastien Charpiot"]
[PlyCount "95"]
[TimeControl "604800+259200"]

{432MB, Opening Tree.ctg} 1. e4 d6 2. d4 g6 3. Nc3 Nf6 4. Be3 a6 5. h3 Bg7 6.
Nf3 O-O 7. Bd3 Nc6 8. Qd2 b5 9. a4 b4 10. Nd5 Rb8 11. Bh6 e6 12. Nxf6+ Bxf6 13.
Bxf8 Qxf8 14. c3 Na5 15. Qe2 c5 16. O-O Nb3 17. Rab1 cxd4 18. cxd4 a5 19. Qe3
Qg7 20. e5 dxe5 21. dxe5 Be7 22. Bb5 Nc5 23. Rbc1 Qf8 24. Nd2 Bb7 25. Nc4 Ne4
26. Nxa5 Bc5 27. Rxc5 Nxc5 28. Rc1 Rc8 29. Rxc5 Rxc5 30. Nxb7 Rc2 31. Qd4 b3
32. Na5 Rc5 33. Nxb3 Rd5 34. Qc3 Qb8 35. Nd2 Rxe5 36. Nf1 Qd6 37. Bc4 Rg5 38.
g3 h5 39. h4 Rf5 40. Ne3 Re5 41. a5 Rc5 42. a6 Rc7 43. Qd3 Qe7 44. b4 Rd7 45.
Qc3 g5 46. hxg5 Qxg5 47. Bf1 h4 48. g4 1-0

[Event "Open A Plancoët 2013"]
[Site "?"]
[Date "2013.08.03"]
[Round "9"]
[White "Das, Arghyadip"]
[Black "Deslandes, pascal"]
[Result "1-0"]
[WhiteElo "2493"]
[BlackElo "2279"]
[Annotator "Sébastien Charpiot"]
[PlyCount "85"]
[TimeControl "604800+259200"]

{432MB, Opening Tree.ctg} 1. e4 e6 2. d4 d5 3. Nd2 c5 4. Ngf3 cxd4 5. Nxd4 Nc6
6. Bb5 Bd7 7. Nxc6 Bxc6 8. Bxc6+ bxc6 9. c4 Nf6 10. Qa4 Qc7 11. exd5 exd5 12.
O-O Be7 13. Nf3 O-O 14. Bg5 Rac8 15. h3 Ne4 16. Bxe7 Qxe7 17. Rac1 h6 18. cxd5
cxd5 19. Qd4 Nf6 20. Ne5 Qe6 21. b3 Rfe8 22. Nf3 Qa6 23. Qb2 Rxc1 24. Rxc1 Rc8
25. Rxc8+ Qxc8 26. Nd4 Qc5 27. Nf5 Kh7 28. g4 Qb4 29. Qe5 Qd2 30. Qe7 Ne4 31.
Qxa7 Qd1+ 32. Kg2 Nd2 33. Qe3 Qf1+ 34. Kh2 Ne4 35. Qd4 f6 36. Qa7 Qxf2+ 37.
Qxf2 Nxf2 38. b4 Nd3 39. b5 Nc5 40. b6 Nb7 41. a4 g6 42. Nd4 Kg7 43. Nb3 1-0

[Event "Open A Plancoët 2013"]
[Site "?"]
[Date "2013.08.02"]
[Round "8"]
[White "De Wit, Tex"]
[Black "Epishin, Vladimir"]
[Result "1-0"]
[WhiteElo "2293"]
[BlackElo "2598"]
[Annotator "Sébastien Charpiot"]
[PlyCount "125"]
[TimeControl "604800+259200"]

{432MB, Opening Tree.ctg} 1. c4 g6 2. Nc3 c5 3. g3 Bg7 4. Bg2 f5 5. e3 e5 6.
Nge2 Nf6 7. d4 e4 8. O-O Na6 9. a3 O-O 10. b4 d6 11. Rb1 cxd4 12. Nxd4 Nc7 13.
Bb2 Qe7 14. Qd2 Bd7 15. Rfd1 Rad8 16. Nb3 Bc8 17. Rbc1 h5 18. h4 Ng4 19. Nb5
Bxb2 20. Qxb2 Nxb5 21. cxb5 Be6 22. Nd4 Bf7 23. Rc3 Ne5 24. Qc2 d5 25. Rc7 Rd7
26. Rc8 Nc4 27. Rxf8+ Qxf8 28. Qc3 Rc7 29. Bf1 Rc8 30. Rc1 Qe7 31. Bxc4 dxc4
32. Rd1 Rd8 33. Rd2 Rd6 34. Kf1 Qf6 35. Ke1 Kh7 36. Kd1 g5 37. hxg5 Qxg5 38.
Kc2 Qf6 39. Qa1 Kg6 40. Kc3 Rd5 41. a4 h4 42. gxh4 Qxh4 43. Qg1+ Kf6 44. Rd1 f4
45. Qh1 Rh5 46. Qxe4 Qxf2 47. Qxf4+ Qxf4 48. exf4 Rh3+ 49. Kc2 Bd5 50. Ne2 Bf3
51. Rd6+ Ke7 52. Rd2 Be4+ 53. Kb2 Rb3+ 54. Ka2 Bb1+ 55. Ka1 Bd3 56. Ka2 Rxb4
57. Nc3 Rb3 58. Rxd3 Ke6 59. Re3+ Kf5 60. Nd5 Rd3 61. Rxd3 cxd3 62. Kb2 Ke4 63.
Nb4 1-0

[Event "Open A Plancoët 2013"]
[Site "?"]
[Date "2013.08.02"]
[Round "8"]
[White "Deslandes, Pascal"]
[Black "Terrieux, Kevin"]
[Result "1/2-1/2"]
[WhiteElo "2279"]
[BlackElo "2422"]
[Annotator "Sébastien Charpiot"]
[PlyCount "82"]
[EventDate "2013.??.??"]
[TimeControl "604800+259200"]

{432MB, Opening Tree.ctg} 1. e4 c5 2. c3 Nf6 3. e5 Nd5 4. d4 cxd4 5. cxd4 d6 6.
Nf3 e6 7. Bd3 dxe5 8. Nxe5 Nc6 9. Nxc6 bxc6 10. O-O Qb6 11. Nc3 Qxd4 12. Nxd5
Qxd5 13. Qa4 Bd7 14. Be4 Qc5 15. Rd1 Qb4 16. Qxc6 Bxc6 17. Bxc6+ Ke7 18. Bg5+
f6 19. Rd7+ Ke8 20. Rb7+ Kd8 21. Rxb4 Bxb4 22. Bxf6+ gxf6 23. Bxa8 Ke7 24. Be4
Rd8 25. Kf1 f5 26. a3 Bc5 27. Bf3 Rd2 28. Be2 Rxb2 29. f4 h5 30. h4 Bd6 31. g3
e5 32. Bxh5 exf4 33. g4 f3 34. Re1+ Kd8 35. Rd1 Ke7 36. Rd3 fxg4 37. Bxg4 Rh2
38. Bxf3 Rxh4 39. Bd1 Rf4+ 40. Ke2 Re4+ 41. Kd2 Re5 1/2-1/2

[Event "Open A Plancoët 2013"]
[Site "?"]
[Date "2013.08.05"]
[Round "7"]
[White "Bianchi, Guillaume"]
[Black "Vovk, Yuri"]
[Result "0-1"]
[WhiteElo "2172"]
[BlackElo "2608"]
[Annotator "Sébastien Charpiot"]
[PlyCount "70"]
[TimeControl "604800+259200"]

{432MB, Opening Tree.ctg} 1. Nf3 Nf6 2. c4 g6 3. g3 Bg7 4. Bg2 O-O 5. O-O c6 6.
d4 d6 7. Nc3 Qa5 8. e4 e5 9. h3 Nbd7 10. Re1 exd4 11. Nxd4 Ne5 12. Bf1 Re8 13.
Rb1 a6 14. Bd2 b5 15. cxb5 axb5 16. b4 Qb6 17. Be3 Qb7 18. Bg2 Bd7 19. f4 Nc4
20. Bf2 h5 21. Rc1 Qc8 22. Kh2 Ra3 23. Nb3 h4 24. g4 Bxg4 25. hxg4 Nxg4+ 26.
Kg1 h3 27. Bf3 h2+ 28. Kf1 Nxf2 29. Kxf2 Qh3 30. Ke2 Bxc3 31. Rxc3 Rxa2+ 32.
Rc2 Rxe4+ 33. Bxe4 Qe3+ 34. Kf1 Qxe4 35. Rxh2 Qxf4+ 0-1

[Event "Open A Plancoët 2013"]
[Site "?"]
[Date "2013.08.05"]
[Round "3"]
[White "Larcheveque, François"]
[Black "De Wit, Tex"]
[Result "0-1"]
[WhiteElo "2088"]
[BlackElo "2293"]
[Annotator ",Seb"]
[PlyCount "60"]
[TimeControl "604800+259200"]

{432MB, Opening Tree.ctg} 1. d4 d6 2. Nf3 g6 3. e4 Bg7 4. Bc4 c6 5. O-O Nf6 6.
Nbd2 O-O 7. Bb3 Qc7 8. Re1 e5 9. c3 b5 10. Nf1 Nbd7 11. Ng3 a6 12. h3 Bb7 13.
Be3 c5 14. d5 h6 15. Qc1 Kh7 16. Nh2 Rfe8 17. Bd1 Ng8 18. Bg4 c4 19. h4 Nc5 20.
Bxc5 Qxc5 21. h5 Bf6 22. Nf3 Bd8 23. Qe3 Qc7 24. Kf1 Nf6 25. Bh3 Bc8 26. Bxc8
Qxc8 27. Nh2 Nd7 28. f4 exf4 29. Qxf4 Nc5 30. Nf3 Nd3 0-1

[Event "Open A Plancoët 2013"]
[Site "?"]
[Date "2013.07.30"]
[Round "3"]
[White "Durand-Le Ludec, Brendan-Budok"]
[Black "Deslandes, Pascal"]
[Result "0-1"]
[WhiteElo "1863"]
[BlackElo "2279"]
[Annotator ",Seb"]
[PlyCount "92"]
[EventDate "2013.??.??"]
[TimeControl "604800+259200"]

{432MB, Opening Tree.ctg} 1. d4 Nf6 2. c4 g6 3. Nc3 Bg7 4. e4 d6 5. Nf3 O-O 6.
Be2 e5 7. dxe5 dxe5 8. Qxd8 Rxd8 9. Nd5 Nxd5 10. cxd5 c6 11. Bc4 cxd5 12. Bxd5
Nd7 13. Bg5 Re8 14. Rc1 h6 15. Be3 Nf6 16. Bb3 Be6 17. Bxe6 Rxe6 18. Rc7 b5 19.
Nd2 Ra6 20. a3 b4 21. O-O bxa3 22. bxa3 Rxa3 23. Rb1 Rd8 24. h3 Rxe3 25. fxe3
Rxd2 26. Rbb7 Rd1+ 27. Kh2 Rf1 28. Rxa7 Nxe4 29. Ra8+ Kh7 30. Raa7 Nd6 31. Rc6
e4 32. g4 Be5+ 33. Kg2 Rd1 34. Re7 Rd2+ 35. Kf1 Bg3 36. Rd7 Kg7 37. Rcc7 Kf6
38. Rd8 Kg5 39. Rxf7 Rh2 40. Rg7 Nc4 41. Kg1 Nd2 42. Rxd2 Rxd2 43. Re7 Kh4 44.
Rxe4 Kxh3 45. Kf1 Rf2+ 46. Kg1 Re2 0-1

[Event "Open A Plancoët 2013"]
[Site "?"]
[Date "2013.08.01"]
[Round "6"]
[White "De Wit, Tex"]
[Black "Terrieux, Kevin"]
[Result "1-0"]
[WhiteElo "2293"]
[BlackElo "2422"]
[Annotator ",Seb"]
[PlyCount "89"]
[EventDate "2013.??.??"]
[TimeControl "604800+259200"]

{432MB, Opening Tree.ctg} 1. c4 b6 2. Nc3 Bb7 3. e4 c5 4. Nf3 e6 5. d4 cxd4 6.
Nxd4 a6 7. Be2 Bb4 8. f3 Qh4+ 9. g3 Qe7 10. Be3 Nf6 11. O-O O-O 12. Na4 Nc6 13.
Nxb6 Nxd4 14. Qxd4 e5 15. Qd3 Rab8 16. b3 Bc6 17. Rfc1 Ba3 18. Rc2 h5 19. Nd5
Nxd5 20. cxd5 Bb5 21. Qd1 Rfc8 22. Bxb5 axb5 23. Kg2 Qf8 24. Rxc8 Rxc8 25. Qd3
Qb4 26. Rd1 d6 27. Qd2 Rc3 28. Bf2 Rc8 29. Be3 Qc3 30. Qxc3 Rxc3 31. Kf2 Bb4
32. Rc1 Rxc1 33. Bxc1 Bc5+ 34. Be3 Bb4 35. Ke2 Kf8 36. Kd3 Ke7 37. a4 Kd7 38.
axb5 Kc7 39. Kc4 Be1 40. b6+ Kb7 41. Kb5 h4 42. gxh4 Bxh4 43. f4 f6 44. f5 Be1
45. Bc1 1-0

[Event "Open A Plancoët 2013"]
[Site "?"]
[Date "2013.07.30"]
[Round "4"]
[White "De Wit, Tex"]
[Black "Burel, Iwan"]
[Result "1-0"]
[WhiteElo "2293"]
[BlackElo "1889"]
[Annotator "Sébastien Charpiot"]
[PlyCount "57"]
[EventDate "2013.??.??"]
[TimeControl "604800+259200"]

{432MB, Opening Tree.ctg} 1. c4 Nf6 2. Nc3 g6 3. g3 Bg7 4. Bg2 c5 5. e4 e5 6.
Nge2 Nc6 7. a3 a5 8. O-O O-O 9. d3 d6 10. Rb1 Ne8 11. Nd5 Be6 12. Nec3 Nc7 13.
Be3 f5 14. exf5 gxf5 15. f4 Rb8 16. Qd2 Nd4 17. b4 axb4 18. axb4 b6 19. fxe5
dxe5 20. Bg5 Qd7 21. bxc5 bxc5 22. Rxb8 Rxb8 23. Nf6+ Bxf6 24. Bxf6 e4 25. Qg5+
Kf8 26. Nxe4 Ne2+ 27. Kh1 fxe4 28. Be7+ Ke8 29. Rf8# 1-0

[Event "Open A Plancoët 2013"]
[Site "?"]
[Date "2013.07.30"]
[Round "4"]
[White "Deslandes, Pascal"]
[Black "Chaudagne, Christophe"]
[Result "1-0"]
[WhiteElo "2279"]
[BlackElo "2137"]
[Annotator "Sébastien Charpiot"]
[PlyCount "83"]
[TimeControl "604800+259200"]

{432MB, Opening Tree.ctg} 1. e4 e6 2. d4 d5 3. e5 c5 4. c3 Nc6 5. Nf3 Bd7 6.
Be2 Nge7 7. Na3 cxd4 8. cxd4 Nf5 9. O-O Qb6 10. Nc2 Nb4 11. Ne3 Rc8 12. Nxf5
exf5 13. Bd2 h6 14. Qb3 Be6 15. Rac1 Rxc1 16. Rxc1 Nc6 17. Bb5 Kd7 18. a4 Qc7
19. Ne1 Be7 20. Nd3 Rc8 21. Bb4 Kd8 22. Bxe7+ Qxe7 23. Bxc6 bxc6 24. Nc5 Rc7
25. f4 Ke8 26. Qg3 Kf8 27. Rc3 g6 28. Rb3 Kg7 29. h4 h5 30. Qg5 Qxg5 31. hxg5
Bc8 32. Rb8 Kh7 33. Kf2 Kg7 34. Ke3 Kh7 35. Kd2 Kg7 36. Kc3 Kh7 37. Kb4 Kg7 38.
Ka5 Kh7 39. b4 Kg7 40. Na6 Bxa6 41. Kxa6 Kh7 42. a5 1-0